=LDR 00000nam 2200000 4500 =001 INLIS000000000055454 =005 20200420095739 =035 ##$$a 0010-0420000133 =007 ta =008 200420###########################0#ind## =020 ##$$a 978-979-055-596-9 =082 ##$$a 028.5 =084 ##$$a 028.5 Kok a =245 ##$$a ABC pertamaku : $b Pintar dan terampil menguasai alfabet /$c Koko Nata =250 ##$$a Cet 1 =300 ##$$a 45 halaman : $b Ilustrasi ; $c 26 cm. =650 #4$$a Bacaan kanak-kanak =700 #$$a Editor ; Safitri Lusiana D. =264 ##$$a Bandung :$b Imagioo,$c 2015 =336 ##$$a teks$2 rdacontent =337 ##$$a lain-lain$2 rdamedia =338 ##$$a lain-lain$2 rdacarrier =990 ##$$a 3202002608